The Princeton guide to historical research.

The essential handbook for doing historical research in the twenty-first century The Princeton Guide to Historical Research provides students, scholars, and professionals with the skills they need to practice the historian's craft in the digital age, while never losing sight of the fundamental...

সম্পূর্ণ বিবরণ

সংরক্ষণ করুন:
গ্রন্থ-পঞ্জীর বিবরন
প্রধান লেখক: Schrag, Zachary (Author)
বিন্যাস: বৈদ্যুতিন গ্রন্থ
ভাষা:ইংরেজি
প্রকাশিত: Princeton, New Jersey, USA; Oxford, UK : Princeton University Press, 2021.
মালা:Skills for scholars.
বিষয়গুলি:
ট্যাগগুলো: ট্যাগ যুক্ত করুন
কোনো ট্যাগ নেই, প্রথমজন হিসাবে ট্যাগ করুন!

MARC

LEADER 00000nam a2200000 i 4500
001 9918634285304201
003 CL-VaPUC
005 20250313084543.0
008 210701s2021 nju o 000 0 eng d
999 |c 446661  |d 446659 
020 |a 9780691198224 
035 |a (CKB)4100000011765997 
035 |a (MiAaPQ)EBC6478446 
035 |a (Au-PeEL)EBL6478446 
035 |a (OCoLC)1221016031 
035 |a (EXLCZ)994100000011765997 
040 |a MiAaPQ  |b eng  |e rda  |e pn  |c Pontificia Universidad Católica de Valparaíso  |d MiAaPQ 
050 4 |a D16  |b .S37 2021 
082 0 |a 907.2 SCH 2021  |2 23 
100 1 |a Schrag, Zachary,  |e author.  |9 895682 
245 1 4 |a The Princeton guide to historical research. 
260 |a Princeton, New Jersey, USA;  |a Oxford, UK :  |b Princeton University Press,  |c 2021. 
300 |a vxii, 411 pages ;  |b illustrations. 
490 1 |a Skills for scholars. 
504 |a Includes bibliographical references and index. 
520 |a The essential handbook for doing historical research in the twenty-first century The Princeton Guide to Historical Research provides students, scholars, and professionals with the skills they need to practice the historian's craft in the digital age, while never losing sight of the fundamental values and techniques that have defined historical scholarship for centuries. Zachary Schrag begins by explaining how to ask good questions and then guides readers step-by-step through all phases of historical research, from narrowing a topic and locating sources to taking notes, crafting a narrative, and connecting one's work to existing scholarship. He shows how researchers extract knowledge from the widest range of sources, such as government documents, newspapers, unpublished manuscripts, images, interviews, and datasets. He demonstrates how to use archives and libraries, read sources critically, present claims supported by evidence, tell compelling stories, and much more. Featuring a wealth of examples that illustrate the methods used by seasoned experts, The Princeton Guide to Historical Research reveals that, however varied the subject matter and sources, historians share basic tools in the quest to understand people and the choices they made.--  |c Provided by publisher. 
583 |c 20250121 
650 |a Historia  |x Investigación   |9 895683 
942 |2 ddc  |c BK 
952 |0 0  |1 0  |2 ddc  |4 0  |6 907_200000000000000_SCH_2021  |7 0  |8 A  |9 599570  |a BIBHIS  |b BIBHIS  |d 2025-01-20  |e 3  |g 38423.00  |i 5664534  |o 907.2 SCH 2021  |p 5664534  |r 2025-01-20  |t 1  |v 38423.00  |w 2025-01-20  |y BK  |k HIS